[Event "HL  Women's 61.  RUS Chmp. 2011"]
[Site "Taganrog"]
[Date "2011.06.24"]
[Round "8"]
[Board "1"]
[White "Semenova, Elena"]
[Black "Bezgodova, Svetlana"]
[Result "1/2-1/2"]
[WhiteElo "2188"]
[BlackElo "2154"]
[PlyCount "85"]
[EventDate "2011.06.15"]
[EventRounds "9"]
[EventCountry "RUS"]

1.e4 e5 2.f4 d6 3.Nf3 Nc6 4.Bc4 exf4 5.d4 g5 6.h4 Bg4 7.hxg5 Bg7 8.c3 Qe7 9.Bxf4
Qxe4+ 10.Qe2 Qxe2+ 11.Kxe2 Nge7 12.Nbd2 O-O-O 13.Rae1 Ng6 14.Bg3 d5 15.Bd3 h6
16.Kf2 Nce7 17.Ne5 Nxe5 18.Bxe5 Bxe5 19.Rxe5 Nc6 20.Bf5+ Bxf5 21.Rxf5 hxg5
22.Rxh8 Rxh8 23.Rxf7 Rg8 24.g4 Kd8 25.Rf5 Ne7 26.Re5 Rg6 27.Nf3 Rb6 28.Re2 Ng6
29.Nxg5 Nf4 30.Nf7+ Kc8 31.Rd2 Rxb2 32.Rxb2 Nd3+ 33.Ke3 Nxb2 34.g5 Kd7 35.g6 Ke7
36.Nd8 Kf6 37.g7 Kxg7 38.Ne6+ Kf6 39.Nxc7 Nc4+ 40.Kd3 Nb6 41.Nb5 Nc8 42.Nc7 Nb6
43.Nb5 1/2-1/2

[Event "HL  Women's 61.  RUS Chmp. 2011"]
[Site "Taganrog"]
[Date "2011.06.24"]
[Round "8"]
[Board "1"]
[White "Petrova, Olga"]
[Black "Ivkina, Olga"]
[Result "0-1"]
[WhiteElo "2256"]
[BlackElo "2294"]
[PlyCount "88"]
[EventDate "2011.06.15"]
[EventRounds "9"]
[EventCountry "RUS"]

1.e4 e6 2.d4 d5 3.Nc3 Bb4 4.e5 c5 5.a3 Bxc3+ 6.bxc3 Ne7 7.Nf3 b6 8.Bb5+ Bd7
9.Bd3 c4 10.Bf1 Ba4 11.g3 h6 12.Bh3 Nbc6 13.Nh4 g5 14.Ng2 Qc7 15.f4 O-O-O 16.O-O
Rdg8 17.f5 exf5 18.Bxf5+ Nxf5 19.Rxf5 Rg7 20.Ne3 Ne7 21.Rf6 Bd7 22.Qh5 Be6
23.Rxh6 Rxh6 24.Qxh6 Rg6 25.Qh8+ Rg8 26.Qf6 Qd7 27.a4 Rg6 28.Qh8+ Rg8 29.Qh7 Qe8
30.a5 Kb7 31.axb6 axb6 32.Ba3 Ng6 33.Rf1 Rh8 34.Qg7 Qg8 35.Nf5 Kc6 36.Qf6 Qh7
37.Rf2 Ra8 38.Bc1 Ra1 39.Qxg5 Nf8 40.Nd6 Nd7 41.Rf1 Qxc2 42.Qd8 Nxe5 43.dxe5 Ra2
44.Qe8+ Bd7 0-1

[Event "HL  Women's 61.  RUS Chmp. 2011"]
[Site "Taganrog"]
[Date "2011.06.26"]
[Round "9"]
[Board "1"]
[White "Shadrina, Tatiana"]
[Black "Zaiatz Elena, "]
[Result "1/2-1/2"]
[WhiteElo "2397"]
[BlackElo "2430"]
[PlyCount "103"]
[EventDate "2011.06.15"]
[EventRounds "9"]
[EventCountry "RUS"]

1.e4 e5 2.Nf3 Nc6 3.Bb5 a6 4.Ba4 Nf6 5.O-O Be7 6.Re1 b5 7.Bb3 d6 8.c3 O-O 9.h3
Na5 10.Bc2 d5 11.d4 Nxe4 12.Nxe5 f6 13.Nd3 Bd6 14.Nd2 f5 15.Nf3 Nc4 16.Nfe5 Nxe5
17.dxe5 Be7 18.f3 Ng5 19.a4 Rb8 20.axb5 axb5 21.Nf4 c6 22.Be3 Ne6 23.b4 Nxf4
24.Bxf4 Be6 25.Be3 f4 26.Bd4 Qc8 27.Ra7 Bh4 28.Bf2 Bxf2+ 29.Kxf2 Ra8 30.Rxa8
Qxa8 31.Qd4 Qa2 32.Re2 Qc4 33.Qxc4 bxc4 34.Ba4 Rc8 35.h4 Kf7 36.g3 fxg3+ 37.Kxg3
Bf5 38.f4 Ke6 39.Kf2 Bd3 40.Re1 Kd7 41.Ra1 Kc7 42.Bd1 Kb6 43.Ke3 Bf5 44.Bf3 Rf8
45.Rg1 g6 46.Ra1 Be6 47.Ra2 Bf5 48.h5 Rd8 49.Kd4 Rf8 50.Ke3 Rd8 51.Kd4 Rf8
52.Ke3 1/2-1/2

[Event "HL  Women's 61.  RUS Chmp. 2011"]
[Site "Taganrog"]
[Date "2011.06.26"]
[Round "9"]
[Board "1"]
[White "Girya, Olga"]
[Black "Charochkina, Daria"]
[Result "1-0"]
[WhiteElo "2394"]
[BlackElo "2320"]
[PlyCount "87"]
[EventDate "2011.06.15"]
[EventRounds "9"]
[EventCountry "RUS"]

1.d4 Nf6 2.Nf3 g6 3.c4 Bg7 4.Nc3 d5 5.e3 O-O 6.cxd5 Nxd5 7.Bc4 Nxc3 8.bxc3 c5
9.O-O Qc7 10.Qe2 Nc6 11.Rd1 Bg4 12.Ba3 Bxf3 13.gxf3 Na5 14.Bd3 cxd4 15.cxd4 Rac8
16.Rac1 Qd7 17.Bb5 Qe6 18.Bb4 b6 19.f4 Rfd8 20.Ba6 Rc6 21.Qf3 Rxc1 22.Rxc1 Bf6
23.Rc7 Qxa2 24.Bxe7 Bxe7 25.Rxe7 Nb3 26.Rxa7 Qb1+ 27.Kg2 Nd2 28.Qb7 Qf5 29.Be2
b5 30.h3 Rf8 31.Qxb5 Qe4+ 32.Kh2 Nf3+ 33.Bxf3 Qxf3 34.Qf1 Rb8 35.Qg2 Qe2 36.Ra8
Rxa8 37.Qxa8+ Kg7 38.Kg2 Qd3 39.Qd5 h5 40.Qe5+ Kh7 41.d5 f6 42.Qe7+ Kh6 43.d6
Qd5+ 44.e4 1-0

[Event "HL  Women's 61.  RUS Chmp. 2011"]
[Site "Taganrog"]
[Date "2011.06.26"]
[Round "9"]
[Board "1"]
[White "Kostrikina, Anna"]
[Black "Bodnaruk, Anastasia"]
[Result "0-1"]
[WhiteElo "2072"]
[BlackElo "2419"]
[PlyCount "134"]
[EventDate "2011.06.15"]
[EventRounds "9"]
[EventCountry "RUS"]

1.e4 c5 2.Nf3 d6 3.d4 cxd4 4.Qxd4 Nc6 5.Bb5 Bd7 6.Bxc6 Bxc6 7.c4 Nf6 8.Nc3 g6
9.O-O Bg7 10.Qd3 O-O 11.Be3 a6 12.Nd4 Rc8 13.Rac1 Ng4 14.Nxc6 bxc6 15.Bd4 Bh6
16.Rc2 e5 17.Be3 Qh4 18.h3 Nxe3 19.fxe3 f5 20.Rcf2 f4 21.Qxd6 Rfe8 22.Qd7 fxe3
23.Re2 Bf4 24.Qg4 Qxg4 25.hxg4 Rcd8 26.Nd1 Rd4 27.Nxe3 Rxe4 28.Rfe1 Rf8 29.Nf1
Rxc4 30.g3 Bh6 31.Rxe5 Bg7 32.R5e2 Rxg4 33.Kg2 c5 34.b3 Bc3 35.Rc1 Bd4 36.Nh2
Rg5 37.Nf3 Rgf5 38.Nxd4 cxd4 39.Rc7 d3 40.Rd2 Rd8 41.Rc3 Rfd5 42.Kf3 Rf5+ 43.Kg2
Ra5 44.Kf3 h5 45.a4 Rad5 46.Ke4 Rd4+ 47.Ke3 Rg4 48.Kf3 Rb4 49.Ke3 Kg7 50.Rdxd3
Rdb8 51.Kd2 Kh6 52.Kc2 R8b6 53.Rc5 Rf6 54.Kc3 Rg4 55.Rc4 Rg5 56.b4 Rf1 57.Rc5
Rc1+ 58.Kd4 Rg4+ 59.Kd5 Rb1 60.b5 Rxa4 61.bxa6 Rxa6 62.Ke4 Rf6 63.Ke3 Rg1 64.Ke2
Rg2+ 65.Ke1 Ra2 66.Rcd5 Rff2 67.Rd1 Rae2# 0-1

[Event "HL  Women's 61.  RUS Chmp. 2011"]
[Site "Taganrog"]
[Date "2011.06.26"]
[Round "9"]
[Board "1"]
[White "Pustovoitova, Daria"]
[Black "Romanko, Marina"]
[Result "1/2-1/2"]
[WhiteElo "2306"]
[BlackElo "2387"]
[PlyCount "192"]
[EventDate "2011.06.15"]
[EventRounds "9"]
[EventCountry "RUS"]

1.d4 d5 2.c4 c6 3.Nc3 Nf6 4.Nf3 e6 5.Bg5 Nbd7 6.e3 Qa5 7.cxd5 Nxd5 8.Qd2 Bb4
9.Rc1 h6 10.Bh4 b6 11.Bd3 Ba6 12.O-O O-O 13.Rfd1 c5 14.Bb1 Nxc3 15.bxc3 Ba3
16.Rc2 Bb5 17.Ne5 cxd4 18.Nxd7 Bxd7 19.Qd3 Ba4 20.exd4 Bxc2 21.Bxc2 g6 22.Re1
Bb2 23.Rxe6 Qh5 24.Rf6 Rac8 25.c4 Bxd4 26.Qxd4 Rcd8 27.Rxg6+ Qxg6 28.Bxd8 Qxc2
29.h3 Re8 30.Bc7 Qe4 31.Qf6 Qe6 32.Qh4 Rc8 33.f4 Kh7 34.Be5 Rxc4 35.Qd8 Rc8
36.Qd3+ Qg6 37.Qd5 Qe6 38.Qb7 a5 39.Kh2 Kg8 40.a3 Qc6 41.Qe7 Re8 42.Qh4 Qg6
43.Qf2 Kh7 44.Bd4 b5 45.Bc3 a4 46.Be5 Qe4 47.Qa7 Qd5 48.Qc7 Rg8 49.Qc2+ Rg6
50.h4 h5 51.Qe2 Kh6 52.Qc2 Qb3 53.Qe4 f6 54.Bd6 Qg3+ 55.Kg1 f5 56.Qa8 Qe1+
57.Kh2 Qxh4+ 58.Kg1 Qe1+ 59.Kh2 Qg3+ 60.Kg1 Kh7 61.Be5 Rg8 62.Qb7+ Kh6 63.Qc6+
Qg6 64.Bf6 Re8 65.Bg5+ Kh7 66.Qxb5 Re4 67.Qd7+ Kg8 68.Kh2 Qf7 69.Qc8+ Kh7 70.Qc6
Qe6 71.Qb7+ Kg6 72.Qa8 Qe8 73.Qa6+ Re6 74.Qa7 Qc6 75.Qb8 Re8 76.Qb2 Rc8 77.Qe5
Rc7 78.Qh8 Rh7 79.Qg8+ Rg7 80.Qh8 Kf7 81.Qxh5+ Kg8 82.Qe2 Rh7+ 83.Kg3 Qc3+
84.Kf2 Qc5+ 85.Kg3 Qxa3+ 86.Kf2 Qc5+ 87.Kg3 Qc3+ 88.Kf2 Qd4+ 89.Kg3 Qc3+ 90.Kf2
Qc5+ 91.Kg3 Ra7 92.Qe6+ Rf7 93.Qg6+ Rg7 94.Qe8+ Kh7 95.Qh5+ Kg8 96.Qe8+ Kh7 1/2-1/2

[Event "HL  Women's 61.  RUS Chmp. 2011"]
[Site "Taganrog"]
[Date "2011.06.26"]
[Round "9"]
[Board "1"]
[White "Goryachkina, Aleksandra"]
[Black "Matveeva, Svetlana"]
[Result "1/2-1/2"]
[WhiteElo "2103"]
[BlackElo "2380"]
[PlyCount "130"]
[EventDate "2011.06.15"]
[EventRounds "9"]
[EventCountry "RUS"]

1.d4 e6 2.c4 Nf6 3.Nf3 b6 4.g3 Bb7 5.Bg2 Be7 6.Nc3 O-O 7.O-O Ne4 8.Nxe4 Bxe4
9.d5 exd5 10.cxd5 c6 11.d6 Bf6 12.Nd2 Bxg2 13.Kxg2 Re8 14.e4 c5 15.f4 Bd4 16.Re1
Nc6 17.Nf3 f6 18.Nxd4 Nxd4 19.b4 Qb8 20.Bb2 Qxd6 21.bxc5 bxc5 22.Bxd4 cxd4
23.Qb3+ Kf8 24.Rad1 Rab8 25.Qd3 Rb2+ 26.Kg1 Qc5 27.Rc1 Qb6 28.Red1 d5 29.Qxd4
dxe4 30.Qxb6 axb6 31.Rd7 Re7 32.Rd8+ Kf7 33.f5 g6 34.g4 gxf5 35.gxf5 e3 36.a4
Kg7 37.Rd4 Kh6 38.Rg4 Rg7 39.Rxg7 Kxg7 40.Rc7+ Kh6 41.Re7 Kg5 42.Rxe3 Kxf5
43.Rf3+ Ke5 44.Rh3 f5 45.Rxh7 Ke4 46.Re7+ Kf3 47.Re1 Rg2+ 48.Kh1 Ra2 49.Rf1+ Ke4
50.Rb1 f4 51.Rb3 f3 52.Kg1 Rxa4 53.Rxb6 Ra1+ 54.Kf2 Ra2+ 55.Kf1 Rxh2 56.Re6+ Kf4
57.Rf6+ Kg4 58.Rg6+ Kf5 59.Rg8 Ra2 60.Rf8+ Ke4 61.Re8+ Kf4 62.Rf8+ Ke3 63.Re8+
Kf4 64.Rf8+ Ke3 65.Re8+ Kf4 1/2-1/2

[Event "HL  Women's 61.  RUS Chmp. 2011"]
[Site "Taganrog"]
[Date "2011.06.26"]
[Round "9"]
[Board "1"]
[White "Vasilevich, Irina"]
[Black "Ambartsumova, Karina"]
[Result "1-0"]
[WhiteElo "2342"]
[BlackElo "2303"]
[PlyCount "133"]
[EventDate "2011.06.15"]
[EventRounds "9"]
[EventCountry "RUS"]

1.c4 e5 2.Nc3 Nf6 3.g3 Nc6 4.Bg2 Bc5 5.e3 O-O 6.a3 a6 7.b4 Ba7 8.Nge2 d6 9.O-O
Re8 10.d3 Ne7 11.d4 Ng6 12.Qc2 Qe7 13.a4 h5 14.a5 h4 15.b5 Bb8 16.Bb2 e4 17.b6
cxb6 18.axb6 Bg4 19.Rfe1 Bf3 20.Nf4 Bxg2 21.Kxg2 Nxf4+ 22.exf4 d5 23.cxd5 Bd6
24.Qb3 Qd7 25.Re3 Qf5 26.Rae1 h3+ 27.Kg1 g5 28.fxg5 Ng4 29.Qc2 Nxe3 30.Rxe3 Rac8
31.Qe2 Rxc3 32.Bxc3 Qxd5 33.Qg4 Qe6 34.Qxe6 Rxe6 35.d5 Re8 36.g4 Be5 37.Rxh3 Kg7
38.f4 exf3 39.Rxf3 Bxc3 40.Rxc3 Rd8 41.Rd3 a5 42.Kf2 a4 43.h4 Ra8 44.Ra3 Ra5
45.d6 Rd5 46.Rxa4 Rxd6 47.Rb4 Re6 48.Kf3 Kg6 49.Kf4 Kg7 50.Kf5 Rc6 51.Ke5 Re6+
52.Kd5 Rc6 53.h5 Kg8 54.Rb1 Kg7 55.Rb5 Kg8 56.Ke5 Kg7 57.Kf5 Rd6 58.h6+ Kh7
59.Rc5 Rxb6 60.Rc7 Kg8 61.Rc8+ Kh7 62.Rf8 Rb5+ 63.Kf6 Rb6+ 64.Kxf7 Rc6 65.Re8 b5
66.Re6 Rc7+ 67.Kf6 1-0

[Event "HL  Women's 61.  RUS Chmp. 2011"]
[Site "Taganrog"]
[Date "2011.06.26"]
[Round "9"]
[Board "1"]
[White "Ivakhinova, Inna"]
[Black "Bukhteeva, Viktoria"]
[Result "1/2-1/2"]
[WhiteElo "2326"]
[BlackElo "2178"]
[PlyCount "129"]
[EventDate "2011.06.15"]
[EventRounds "9"]
[EventCountry "RUS"]

1.d4 Nf6 2.c4 e6 3.Nc3 d5 4.Nf3 Be7 5.Qc2 c5 6.dxc5 Bxc5 7.Bg5 d4 8.O-O-O Nc6
9.e3 e5 10.Ne4 Be7 11.Bxf6 gxf6 12.exd4 Nxd4 13.Nxd4 exd4 14.Qd2 f5 15.Ng3 Be6
16.Qxd4 Qxd4 17.Rxd4 Bf6 18.Rd1 h5 19.Bd3 Rc8 20.b3 Rc5 21.Rhe1 Kf8 22.Kb1 a5
23.a4 Bc3 24.Rf1 Kg7 25.Ne2 Be5 26.f4 Bf6 27.Kc2 Bd7 28.Nc3 Bc6 29.Rf2 Re8
30.Be2 Be4+ 31.Bd3 Bc6 32.Re2 Rd8 33.Re3 h4 34.Bf1 Rxd1 35.Kxd1 b6 36.Kd2 Kg6
37.Rd3 Kg7 38.Nd1 Be4 39.Rd6 Rc8 40.Rxb6 Rd8+ 41.Ke1 h3 42.g3 Be7 43.Bxh3 Bb4+
44.Rxb4 axb4 45.Bf1 Bc2 46.Ne3 Bxb3 47.Nd5 Rb8 48.a5 Bc2 49.Kd2 b3 50.Nb6 Rd8+
51.Kc3 Rd1 52.Be2 Re1 53.a6 Be4 54.a7 b2 55.Bd3 Bxd3 56.Kxb2 Be4 57.a8=Q Bxa8
58.Nxa8 Re2+ 59.Kc3 Rxh2 60.c5 Kf6 61.Nb6 Ke6 62.Kd4 Rd2+ 63.Kc4 Rg2 64.Nd5 Rc2+
65.Nc3 1/2-1/2

[Event "HL  Women's 61.  RUS Chmp. 2011"]
[Site "Taganrog"]
[Date "2011.06.26"]
[Round "9"]
[Board "1"]
[White "Bezgodova, Svetlana"]
[Black "Savina, Anastasia"]
[Result "1/2-1/2"]
[WhiteElo "2154"]
[BlackElo "2389"]
[PlyCount "117"]
[EventDate "2011.06.15"]
[EventRounds "9"]
[EventCountry "RUS"]

1.Nf3 Nf6 2.g3 g6 3.b3 Bg7 4.Bb2 O-O 5.Bg2 d5 6.c4 c6 7.O-O Bg4 8.d3 Nbd7 9.Nbd2
Re8 10.Rc1 e5 11.cxd5 cxd5 12.h3 Bxf3 13.Nxf3 Qa5 14.a3 Qb6 15.Qc2 a5 16.Rfd1
Re6 17.Bc3 Nh5 18.e3 d4 19.exd4 exd4 20.Bd2 Rc6 21.Qa2 Rxc1 22.Bxc1 Nc5 23.Nd2
Nxd3 24.Nc4 Qe6 25.Rxd3 Qe1+ 26.Kh2 Qxc1 27.Qe2 Rd8 28.Bxb7 a4 29.Rf3 Nf6
30.bxa4 Re8 31.Qa2 Re1 32.Rf4 d3 33.Nd6 Qc7 34.Qd2 Re6 35.Nxf7 Qxb7 36.Nd8 Re2
37.Qxd3 Qe7 38.Qc4+ Kf8 39.Nc6 Qe6 40.Qb4+ Kg8 41.Nd4 Nd5 42.Nxe6 Nxb4 43.axb4
Rxe6 44.Kg2 Be5 45.Rc4 Kf7 46.f4 Bd6 47.Kf2 Re7 48.b5 Ke6 49.a5 Kd5 50.Rc2 Bb4
51.a6 Bc5+ 52.Kg2 Re3 53.Ra2 Re8 54.Rd2+ Kc4 55.Rd7 Re2+ 56.Kf3 Re3+ 57.Kg2 Re2+
58.Kf3 Re3+ 59.Kg2 1/2-1/2

[Event "HL  Women's 61.  RUS Chmp. 2011"]
[Site "Taganrog"]
[Date "2011.06.26"]
[Round "9"]
[Board "1"]
[White "Drozdova, Dina"]
[Black "Zizlova, Sofia"]
[Result "1/2-1/2"]
[WhiteElo "2239"]
[BlackElo "2149"]
[PlyCount "167"]
[EventDate "2011.06.15"]
[EventRounds "9"]
[EventCountry "RUS"]

1.e4 c5 2.Nf3 d6 3.d4 cxd4 4.Qxd4 Nc6 5.Bb5 Bd7 6.Bxc6 Bxc6 7.Nc3 Nf6 8.Bg5 e6
9.O-O-O Be7 10.Qd3 O-O 11.Nd4 Qa5 12.f4 h6 13.h4 Rfc8 14.Rde1 b5 15.e5 dxe5
16.fxe5 b4 17.exf6 bxc3 18.Nxc6 Rxc6 19.fxe7 Qxa2 20.Kd1 cxb2 21.Ke2 Rxc2+
22.Bd2 Rcc8 23.Rb1 e5 24.Bb4 Rab8 25.Rhd1 Qe6 26.Rxb2 a5 27.Ba3 Rxb2+ 28.Bxb2
Qxe7 29.Qe4 Rb8 30.Bc3 Qf6 31.Rd3 Rb1 32.Rf3 Qa6+ 33.Kd2 Rg1 34.Rd3 Qb6 35.Bxe5
Qf2+ 36.Qe2 Qxh4 37.g3 Qb4+ 38.Bc3 Qb6 39.Qe8+ Kh7 40.Qe4+ Kg8 41.Ke2 Rc1
42.Qe8+ Kh7 43.Qe4+ Kg8 44.Qe8+ Kh7 45.Qxf7 Rc2+ 46.Bd2 Qb5 47.Qd5 Qxd5 48.Rxd5
a4 49.Ra5 Rc4 50.Ra7 h5 51.Kf3 Kg6 52.Ra6+ Kf7 53.Bg5 Rc3+ 54.Kg2 Rc5 55.Ra7+
Kg8 56.Be7 Rc4 57.Kh3 Kh7 58.Bg5 Kg6 59.Bf4 Kf6 60.Ra6+ Kf7 61.Kh4 g6 62.Kh3 Re4
63.Bg5 Rg4 64.Bf4 g5 65.Be3 Kg7 66.Bc1 Kh7 67.Rc6 Kg7 68.Rd6 Kh7 69.Bd2 Kg7
70.Be3 Kh7 71.Rf6 Kg7 72.Ra6 Kh7 73.Rd6 Kg7 74.Bd4+ Kh7 75.Bf6 Kg6 76.Bd4+ Kh7
77.Rd7+ Kg6 78.Rg7+ Kh6 79.Rd7 Kg6 80.Rd6+ Kh7 81.Bc3 Re4 82.Bd2 Rg4 83.Be3 Kg7
84.Bd4+ 1/2-1/2

[Event "HL  Women's 61.  RUS Chmp. 2011"]
[Site "Taganrog"]
[Date "2011.06.26"]
[Round "9"]
[Board "1"]
[White "Ivkina, Olga"]
[Black "Semenova, Elena"]
[Result "1-0"]
[WhiteElo "2294"]
[BlackElo "2188"]
[PlyCount "87"]
[EventDate "2011.06.15"]
[EventRounds "9"]
[EventCountry "RUS"]

1.e4 e5 2.Nf3 Nc6 3.Bb5 a6 4.Ba4 Nge7 5.c3 g6 6.d4 exd4 7.cxd4 b5 8.Bb3 Bg7
9.O-O O-O 10.Nc3 d6 11.Nd5 Nxd5 12.Bxd5 Bb7 13.Bg5 Qd7 14.Qd2 Nd8 15.Bxb7 Nxb7
16.Rac1 Rac8 17.b4 c6 18.Rfd1 f5 19.e5 Nd8 20.exd6 Qxd6 21.d5 Nf7 22.dxc6 Rxc6
23.Qxd6 Rxd6 24.Rxd6 Nxd6 25.Rc6 Ne4 26.Rxa6 h6 27.Be7 Rc8 28.g3 Rc2 29.Bc5 Nxc5
30.bxc5 g5 31.c6 g4 32.Nh4 f4 33.gxf4 Bd4 34.Nf5 Bxf2+ 35.Kf1 Bc5 36.Nxh6+ Kh7
37.Nxg4 Bd6 38.Ne5 Bxe5 39.fxe5 Kg6 40.h4 Kf5 41.h5 Kxe5 42.h6 Kd6 43.h7 Rh2
44.c7+ 1-0

[Event "HL  Women's 61.  RUS Chmp. 2011"]
[Site "Taganrog"]
[Date "2011.06.26"]
[Round "9"]
[Board "1"]
[White "Petrova, Olga"]
[Black "Travkina, Anastasia"]
[Result "1/2-1/2"]
[WhiteElo "2256"]
[BlackElo "2176"]
[PlyCount "56"]
[EventDate "2011.06.15"]
[EventRounds "9"]
[EventCountry "RUS"]

1.e4 c5 2.Nf3 d6 3.d4 cxd4 4.Nxd4 Nf6 5.Nc3 g6 6.Be3 Bg7 7.f3 O-O 8.Qd2 Nc6
9.Bc4 Bd7 10.O-O-O Qa5 11.h4 Rfc8 12.Bb3 Ne5 13.h5 Nxh5 14.g4 Nf6 15.Bh6 Rxc3
16.Bxg7 Kxg7 17.bxc3 Rc8 18.Qh6+ Kg8 19.g5 Nh5 20.Rxh5 gxh5 21.Nf5 Bxf5 22.exf5
Qxc3 23.g6 Qa1+ 24.Kd2 Qc3+ 25.Kc1 Qa1+ 26.Kd2 Qc3+ 27.Kc1 Qa1+ 28.Kd2 Qc3+ 1/2-1/2